Understanding sustainable development / (Record no. 17382)
[ view plain ]
| 000 -LEADER | |
|---|---|
| fixed length control field | 00746cam a22002415a 4500 |
| 001 - CONTROL NUMBER | |
| control field | 15253745 |
| 005 - DATE AND TIME OF LATEST TRANSACTION | |
| control field | 20161009153122.0 |
| 008 - FIXED-LENGTH DATA ELEMENTS--GENERAL INFORMATION | |
| fixed length control field | 080409s2008 enka frb 001 0 eng d |
| 020 ## - INTERNATIONAL STANDARD BOOK NUMBER | |
| International Standard Book Number | 1844074544 |
| 020 ## - INTERNATIONAL STANDARD BOOK NUMBER | |
| International Standard Book Number | 9781844074549 |
| 040 ## - CATALOGING SOURCE | |
| Original cataloging agency | EG-ScBUE |
| Language of cataloging | eng |
| Transcribing agency | EG-ScBUE |
| Modifying agency | EG-ScBUE |
| 082 04 - DEWEY DECIMAL CLASSIFICATION NUMBER | |
| Classification number | 338.927 |
| Edition number | 22 |
| Item number | BLE |
| 100 1# - MAIN ENTRY--PERSONAL NAME | |
| Personal name | Blewitt, John, |
| Dates associated with a name | 1957- |
| 9 (RLIN) | 32912 |
| 245 10 - TITLE STATEMENT | |
| Title | Understanding sustainable development / |
| Statement of responsibility, etc | John Blewitt. |
| 260 ## - PUBLICATION, DISTRIBUTION, ETC. (IMPRINT) | |
| Place of publication, distribution, etc | London ; |
| -- | Sterling : |
| Name of publisher, distributor, etc | Earthscan, |
| Date of publication, distribution, etc | 2008. |
| 300 ## - PHYSICAL DESCRIPTION | |
| Extent | xvi, 288 p. : |
| Other physical details | ill. ; |
| Dimensions | 25 cm. |
| 500 ## - GENERAL NOTE | |
| General note | Index : p. [279]-288. |
| 504 ## - BIBLIOGRAPHY, ETC. NOTE | |
| Bibliography, etc | Bibliography : p. [251]-271. |
| 650 #7 - SUBJECT ADDED ENTRY--TOPICAL TERM | |
| Topical term or geographic name as entry element | Sustainable development. |
| 9 (RLIN) | 3569 |
| Source of heading or term | BUEsh |
| 651 ## - SUBJECT ADDED ENTRY--GEOGRAPHIC NAME | |
| Source of heading or term | BUEsh |
| 653 ## - INDEX TERM--UNCONTROLLED | |
| Resource For college | BAEPS, Business Administration |
| Arrived date list | March2013 |
| -- | October2016 |
| 942 ## - ADDED ENTRY ELEMENTS (KOHA) | |
| Source of classification or shelving scheme | Dewey Decimal Classification |
| Item type | Book - Borrowing |
| Withdrawn status | Item status | Source of classification or shelving scheme | Damaged status | Not for loan | Vendor | Home library | Current library | Shelving location | Date acquired | Source of acquisition | Total Checkouts | Full call number | Barcode | Date last seen | Koha item type | Total Renewals | Date last borrowed | Cost, normal purchase price |
|---|---|---|---|---|---|---|---|---|---|---|---|---|---|---|---|---|---|---|
| Dewey Decimal Classification | Baccah | Central Library | Central Library | First floor | 20/03/2013 | 338.927 BLE | 000028559 | 15/07/2025 | NB - Book (Non borrowing) | |||||||||
| Dewey Decimal Classification | Baccah | Central Library | Central Library | First floor | 20/03/2013 | 2 | 338.927 BLE | 000028560 | 15/07/2025 | Book - Borrowing | 4 | 10/09/2014 | ||||||
| Dewey Decimal Classification | Baccah | Central Library | Central Library | First floor | 20/03/2013 | 4 | 338.927 BLE | 000028561 | 15/07/2025 | Book - Borrowing | 30 | 27/09/2017 | ||||||
| Dewey Decimal Classification | Baccah | Central Library | Central Library | First floor | 20/03/2013 | 4 | 338.927 BLE | 000028562 | 15/07/2025 | Book - Borrowing | 20 | 26/09/2018 | ||||||
| Dewey Decimal Classification | Baccah | Central Library | Central Library | First floor | 09/10/2016 | Purchase | 1 | 338.927 BLE | 000033902 | 15/07/2025 | Book - Borrowing | 17/12/2019 | 160.00 | |||||
| Dewey Decimal Classification | Baccah | Central Library | Central Library | First floor | 09/10/2016 | Purchase | 1 | 338.927 BLE | 000033903 | 15/07/2025 | Book - Borrowing | 9 | 17/11/2020 | 160.00 |